| 000 | 00870nam a2200241Ia 4500 | ||
|---|---|---|---|
| 003 | GCL | ||
| 008 | 140319s9999 xx 000 0 ara d | ||
| 040 |
_aGCL / _cGCL |
||
| 082 | 0 | 4 |
_aق _b962.0950 _bا م |
| 100 | 1 | _aاسامة الباز | |
| 245 | 1 | 0 |
_aمصر فى القرن 21 : _bالامال والتحديات / _cاسامة الباز |
| 260 |
_aالقاهرة : _bمركز الاهرام للترجمة والنشر ، _c1996 |
||
| 300 |
_a251 ص ؛ _c24 سم |
||
| 650 | 0 | 4 | _aالاقباط |
| 650 | 0 | 4 | _aالقرن الحادى والعشرين |
| 650 | 0 | 4 | _aمصر - تاريخ |
| 650 | 0 | 4 | _aمصر - السكان الاجانب |
| 650 | 0 | 4 | _aمصر - الاحوال الاقتصادية |
| 650 | 0 | 4 | _aالديمقراطية - مصر |
| 650 | 0 | 4 | _aمصر - العلاقات الخارجية |
| 650 | 0 | 4 | _aالمرأة - مصر |
| 942 |
_2ddc _cBK |
||
| 999 |
_c52125 _d52125 |
||